1319 1859 1624 1631 1700 1684 1546 1831 1484 1071 1092 1182 1138 1666 1043 1932 1686 1348 1165 1401 1792 1440 1069 1271 1147 1335 1112 1147 1885 1997 1774 1290 1719 1770 1617 1751 1255 1746 1462 1879 1359 1850 1730 1723 1811 1542 1648 1043 1470 1251 1984 1495 1192 1564 1256 1263 1656 1088 1109 2000 1530 1504 1374 1545 1361 1931 1798 1583 1665 1645 1590 1538 1020 1631 1436 1049 1172 1143 1101 1389 1485 1807 1745 1273 1538 1331 1826 1372 1494 1977 1633 1897 1580 1351 1729 1144 1060 1496 1342 BCNSPRNW ULIB Ver.6.0+V

เปลี่ยนเป็นภาษาไทย

Change to English
 แสดงรายละเอียดบรรณานุกรม
  กลับหน้าหลัก

Brief Record : Get Marc (ISO 2709) : E-mail record : QR code < ปิดหน้าต่าง
LEADER : 00000nam 2200000uu 4500
001    13399111035
003     ULIB
008    110615s2553||||th 000 0 tha d
020    9789743483332
060  4 WY18.2^bพ953ท 2553
110 1  เพื่อนช่วยจำ
245 00 ทบทวนการผดุงครรภ์ MWR=^bMidwifery Review/^cเพื่อนช่วยจำ
246 0  Midwifery Review
260    กรุงเทพฯ:^bเพื่อนช่วยจำ,^c2553
300    216 หน้า
650  7 การผดงครรภ์
650  7 ข้อสอบทบทวน
710 1  เพื่อนช่วยจำ
945    ^p199^l0^i16896
945    ^p199^l0^i16894
945    ^p199^l0^i16743
945    ^p199^l0^i16742
945    ^p199^l0^i16741
945    ^p199^l0^i16895
945    ^p199^l0^i16740
945    ^p199^l0^i19231
945    ^p199^l0^i19232
995    เกษร
999    ^aใช้งานได้ทุกระบบ
รายการนี้ยังไม่มีแท็ก
คุณยังไม่ได้ล็อกอิน คุณสามารถมีกิจกรรมร่วมกับเว็บไซต์ได้ แต่ต้องล็อกอินก่อน ::
  ล็อกอิน

รายการสื่อสารสนเทศ

ลำดับที่ ประเภท เลขเรียก/บาร์โค้ด สถานที่ สถานะ
1. วิทยาศาสตร์การแพทย์ และสุขภาพ
หนังสือสำรอง
สถานะ=หนังสือสำรอง
WY18.2 พ953ท 2553 ฉ.1 
  Barcode: 16740
ห้องสมุดวิทยาเขตนครสวรรค์
►ส่วนจัดเก็บหนังสือเก่า นว.
บนชั้น
  ขอยืม
2. วิทยาศาสตร์การแพทย์ และสุขภาพ
วิทยาศาสตร์การแพทย์ และสุขภาพ
WY18.2 พ953ท 2553 ฉ.2 
  Barcode: 16741
ห้องสมุดวิทยาเขตนครสวรรค์
►ส่วนจัดเก็บหนังสือเก่า นว.
บนชั้น
  ขอยืม
3. วิทยาศาสตร์การแพทย์ และสุขภาพ
วิทยาศาสตร์การแพทย์ และสุขภาพ
WY18.2 พ953ท 2553 ฉ.3 
  Barcode: 16742
ห้องสมุดวิทยาเขตนครสวรรค์
►ส่วนจัดเก็บหนังสือเก่า นว.
บนชั้น
  ขอยืม
4. วิทยาศาสตร์การแพทย์ และสุขภาพ
วิทยาศาสตร์การแพทย์ และสุขภาพ
WY18.2 พ953ท 2553 ฉ.4 
  Barcode: 16743
ห้องสมุดวิทยาเขตนครสวรรค์
►ส่วนจัดเก็บหนังสือเก่า นว.
บนชั้น
  ขอยืม
5. วิทยาศาสตร์การแพทย์ และสุขภาพ
วิทยาศาสตร์การแพทย์ และสุขภาพ
WY18.2 พ953ท 2553 ฉ.5 
  Barcode: 16894
ห้องสมุดวิทยาเขตนครสวรรค์
►ส่วนจัดเก็บหนังสือเก่า นว.
บนชั้น
  ขอยืม
6. วิทยาศาสตร์การแพทย์ และสุขภาพ
วิทยาศาสตร์การแพทย์ และสุขภาพ
WY18.2 พ953ท 2553 ฉ.6 
  Barcode: 16895
ห้องสมุดวิทยาเขตนครสวรรค์
►ส่วนจัดเก็บหนังสือเก่า นว.
บนชั้น
  ขอยืม
7. วิทยาศาสตร์การแพทย์ และสุขภาพ
วิทยาศาสตร์การแพทย์ และสุขภาพ
WY18.2 พ953ท 2553 ฉ.7 
  Barcode: 16896
ห้องสมุดวิทยาเขตนครสวรรค์
►ส่วนจัดเก็บหนังสือเก่า นว.
บนชั้น
  ขอยืม
8. วิทยาศาสตร์การแพทย์ และสุขภาพ
วิทยาศาสตร์การแพทย์ และสุขภาพ
WY18.2 พ953ท 2553 ฉ.8 
  Barcode: 19231
ห้องสมุดวิทยาเขตนครสวรรค์
►ส่วนจัดเก็บหนังสือเก่า นว.
บนชั้น
  ขอยืม
9. วิทยาศาสตร์การแพทย์ และสุขภาพ
วิทยาศาสตร์การแพทย์ และสุขภาพ
WY18.2 พ953ท 2553 ฉ.9 
  Barcode: 19232
ห้องสมุดวิทยาเขตนครสวรรค์
►ส่วนจัดเก็บหนังสือเก่า นว.
บนชั้น
  ขอยืม

รายการใกล้เคียง
    หัวเรื่อง [การผดงครรภ์]
    หัวเรื่อง [ข้อสอบทบทวน]

BibComment


ยังไม่เคยถูกคอมเมนท์

คอมเมนท์ทรัพยากรรายการนี้
  คอมเมนท์: ทบทวนการผดุงครรภ์..


 Copyright 2026. Bcnsprnw @Library